000 00317nam a2200133Ia 4500
008 191201s2005 xx 000 0 und d
100 _aPAI, Anant
245 0 _aHow to Develop a Super Power Memory
250 _a45th
260 _aN.Delhi
_bUBSPD,
_c2005
300 _a93
650 _aGeneral Books
942 _2ddc
_cBK
999 _c1527
_d1527